Ot Lissabonskoj strategii k programme Jevropa 2020: implikacii dlja Slovakii
Problémy so splnením cieľov Lisabonskej stratégie. Globálna finančá kríza a jej vplyv na štáty Európskej únie. Stratégia Európa 2020.
Salvato in:
| Autore principale: | |
|---|---|
| Natura: | Capitolo di libro |
| Lingua: | russo |
| Soggetti: | |
| Tags: |
Nessun Tag, puoi essere il primo ad aggiungerne!!
|
MARC
| LEADER | 00000naa$a2200000$$$4500 | ||
|---|---|---|---|
| 001 | 0150969 | ||
| 005 | 20240502083345.1 | ||
| 041 | 0 | |a rus | |
| 044 | |a RU | ||
| 245 | 1 | 0 | |a Ot Lissabonskoj strategii k programme Jevropa 2020: implikacii dlja Slovakii |c V. Gonda |
| 520 | |a Problémy so splnením cieľov Lisabonskej stratégie. Globálna finančá kríza a jej vplyv na štáty Európskej únie. Stratégia Európa 2020. | ||
| 610 | 2 | 0 | |a spolupráca hospodárska medzinárodná |
| 610 | 2 | 0 | |a kríza finančná |
| 610 | 2 | 0 | |a kríza hospodárska |
| 610 | 2 | 0 | |a dohody medzinárodné |
| 610 | 2 | 0 | |a riadenie strategické |
| 610 | 2 | 0 | |a Európska únia |
| 610 | 2 | 0 | |a Slovensko |
| 100 | 1 | |a Gonda, Vladimír | |